[Event "Aragon-chT Preferente Ascenso"]
[Site "Zaragoza"]
[Date "2020.09.26"]
[Round "10.16"]
[White "Ruiperez Gumiel, Ramon"]
[Black "Fabre Perez, Jose Maria"]
[Result "0-1"]
[WhiteElo "1904"]
[BlackElo "2053"]
[PlyCount "100"]
[EventDate "2020.09.26"]
[EventType "team-match"]
[EventRounds "10"]
[EventCountry "ESP"]
[SourceTitle "EXT 2024"]
[Source "ChessBase"]
[SourceDate "2023.10.10"]
[SourceVersion "1"]
[SourceVersionDate "2023.10.10"]
[SourceQuality "1"]
[WhiteTeam "Marcos Frechin"]
[BlackTeam "Delicias"]
[WhiteTeamCountry "ESP"]
[BlackTeamCountry "ESP"]

1. e4 c5 2. b3 g6 3. Bb2 Nf6 4. f4 Bg7 5. g4 e5 6. fxe5 Nxe4 7. Nf3 d5 8. Bb5+ Nc6 9. Bxc6+ bxc6 10. d3 Ng5 11. h4 Nxf3+ 12. Qxf3 Qe7 13. Kd2 0-0 14. Qg3 Re8 15. Na3 Bxe5 16. Bxe5 Qxe5 17. Qxe5 Rxe5 18. g5 Bg4 19. Rae1 Rae8 20. Rxe5 Rxe5 21. Rh2 f6 22. gxf6 Kf7 23. c3 Kxf6 24. Nc2 Rh5 25. b4 cxb4 26. Nxb4 Bd7 27. d4 Rf5 28. Nd3 Rf1 29. Ne5 Bf5 30. Nxc6 Ra1 31. Nb4 Ke6 32. Re2+ Kd6 33. Re1 Rxe1 34. Kxe1 a5 35. Na6 Kc6 36. Kd2 h6 37. a4 g5 38. hxg5 hxg5 39. Ke3 Bc2 40. Nc5 Kd6 41. Kf3 Bd1+ 42. Kg3 Kc6 43. Kf2 Bxa4 44. Nxa4 Kb5 45. Nb2 a4 46. Nd3 a3 47. Nc1 Kc4 48. Na2 Kb3 49. Nb4 Kxc3 50. Nxd5+ Kb3 0-1

[Event "Aragon-chT Preferente Gr II"]
[Site "Aragon"]
[Date "2018.02.17"]
[Round "4.54"]
[White "Rodes Apilluelo, Jose Maria"]
[Black "Ruiperez Gumiel, Ramon"]
[Result "0-1"]
[WhiteElo "1976"]
[BlackElo "1845"]
[PlyCount "52"]
[EventDate "2018.01.27"]
[EventType "team-tourn"]
[EventRounds "9"]
[EventCountry "ESP"]
[SourceTitle "EXT 2019"]
[Source "ChessBase"]
[SourceDate "2018.10.10"]
[SourceVersion "1"]
[SourceVersionDate "2018.10.10"]
[SourceQuality "1"]
[WhiteTeam "St Casablanca III"]
[BlackTeam "Marcos Frechin II"]
[WhiteTeamCountry "ESP"]
[BlackTeamCountry "ESP"]

1. e4 c5 2. Nf3 e6 3. d3 a6 4. g3 Nc6 5. Bg2 d6 6. 0-0 Be7 7. Re1 e5 8. c3 g5 9. Rf1 h5 10. Ne1 Be6 11. f4 gxf4 12. gxf4 exf4 13. Bxf4 h4 14. h3 Qd7 15. Kh2 Nf6 16. d4 cxd4 17. cxd4 d5 18. e5 Nh5 19. Qd2 Nxf4 20. Qxf4 0-0-0 21. a4 Rdg8 22. Nc3 Rg3 23. Nf3 Rhg8 24. Rf2 Bxh3 25. Bh1 Bf1 26. Ng1 Qh3+ 0-1

[Event "Aragon-chT Preferente B"]
[Site "Aragon"]
[Date "2016.02.20"]
[Round "4.64"]
[White "Ruiperez Gumiel, Ramon"]
[Black "Garreta Nieto, Maria"]
[Result "0-1"]
[WhiteElo "1872"]
[BlackElo "1615"]
[PlyCount "52"]
[EventDate "2016.01.30"]
[EventType "team-tourn"]
[EventRounds "9"]
[EventCountry "ESP"]
[SourceTitle "EXT 2018"]
[Source "ChessBase"]
[SourceDate "2017.10.13"]
[SourceVersion "1"]
[SourceVersionDate "2017.10.13"]
[SourceQuality "1"]
[WhiteTeam "Marcos Frechin II"]
[BlackTeam "Monzon"]
[WhiteTeamCountry "ESP"]
[BlackTeamCountry "ESP"]

1. e4 c6 2. d4 d5 3. e5 Bf5 4. Nc3 e6 5. g4 Bg6 6. Nge2 c5 7. h4 cxd4 8. Nxd4 h5 9. Bb5+ Nd7 10. Bg5 Be7 11. f4 hxg4 12. Qxg4 Bxg5 13. fxg5 Bh5 14. Qh3 a6 15. Nxe6 fxe6 16. Qxe6+ Ne7 17. 0-0 axb5 18. b4 Qb6+ 19. Qxb6 Nxb6 20. Nxb5 Kd7 21. e6+ Kd8 22. Nd6 Ra6 23. Kg2 Nc4 24. Nf7+ Bxf7 25. Rxf7 g6 26. c3 Ne3+ 0-1

[Event "Aragon-chT Preferente B"]
[Site "Aragon"]
[Date "2016.02.06"]
[Round "2.60"]
[White "Ruiperez Gumiel, Ramon"]
[Black "Mombiela de Sus, Jose Luis"]
[Result "1-0"]
[WhiteElo "1872"]
[BlackElo "1926"]
[PlyCount "83"]
[EventDate "2016.01.30"]
[EventType "team-tourn"]
[EventRounds "9"]
[EventCountry "ESP"]
[SourceTitle "EXT 2018"]
[Source "ChessBase"]
[SourceDate "2017.10.13"]
[SourceVersion "1"]
[SourceVersionDate "2017.10.13"]
[SourceQuality "1"]
[WhiteTeam "Marcos Frechin II"]
[BlackTeam "Las Fuentes"]
[WhiteTeamCountry "ESP"]
[BlackTeamCountry "ESP"]

1. b3 d6 2. Bb2 e5 3. c4 f5 4. e3 Nf6 5. d3 g6 6. h4 h6 7. Nd2 Bg7 8. Qc2 c5 9. Be2 Nc6 10. a3 Be6 11. Bf3 Bf7 12. b4 Qe7 13. Bxc6+ bxc6 14. bxc5 dxc5 15. 0-0-0 Ng4 16. Nf1 0-0 17. f3 Nf6 18. e4 Be6 19. Ne2 Qc7 20. Kb1 Rab8 21. Ka1 Rb6 22. Rb1 Rfb8 23. Nd2 h5 24. Bc3 R8b7 25. Nb3 Ra6 26. Ka2 Nd7 27. Nd2 Rab6 28. Ba5 Qb8 29. Bxb6 axb6 30. Nc3 b5 31. Ka1 Bh6 32. cxb5 cxb5 33. Nd5 Bxd2 34. Qxd2 Ra7 35. Kb2 Bxd5 36. exd5 Qa8 37. Qc3 Qxd5 38. Qb3 c4 39. Qc2 Nc5 40. dxc4 bxc4 41. Rhc1 Nd3+ 42. Ka2 1-0

[Event "Aragon-chT Preferente Ascenso"]
[Site "Aragon"]
[Date "2012.04.15"]
[Round "11.36"]
[White "Ruiperez Gumiel, Ramon"]
[Black "Laplaza Ara, Carlos"]
[Result "0-1"]
[WhiteElo "1947"]
[BlackElo "2011"]
[PlyCount "58"]
[EventDate "2012.02.04"]
[EventType "team-tourn"]
[EventRounds "2"]
[EventCountry "ESP"]
[SourceTitle "EXT 2014"]
[Source "ChessBase"]
[SourceDate "2013.11.20"]
[SourceVersion "1"]
[SourceVersionDate "2013.11.20"]
[SourceQuality "1"]
[WhiteTeam "Marcos Frechin"]
[BlackTeam "Atl Huesca"]
[WhiteTeamCountry "ESP"]
[BlackTeamCountry "ESP"]

1. e4 e5 2. f4 exf4 3. Nf3 d6 4. d4 g5 5. Bc4 Bg7 6. 0-0 h6 7. c3 Ne7 8. h4 Ng6 9. h5 Ne7 10. Qb3 0-0 11. Nh2 Nbc6 12. Bd3 Kh8 13. Qc2 f5 14. Nd2 fxe4 15. Nxe4 d5 16. Nf2 Bf5 17. Nh3 Qd7 18. Bxf5 Nxf5 19. Bxf4 gxf4 20. Nxf4 Nce7 21. Rae1 Kg8 22. g4 Ng3 23. Rxe7 Qxe7 24. Rf3 Rxf4 25. Rxg3 Qe1+ 26. Kg2 Re8 27. Qg6 Rf6 28. Qd3 Re2+ 29. Kh3 Rff2 0-1

[Event "Aragon-chT Preferente-B"]
[Site "Spain"]
[Date "2011.03.19"]
[Round "7.4"]
[White "Minguez Guinda, Andres"]
[Black "Ruiperez Gumiel, Ramon"]
[Result "1-0"]
[WhiteElo "1896"]
[BlackElo "1951"]
[PlyCount "111"]
[EventDate "2011.02.05"]
[EventType "team-tourn"]
[EventRounds "9"]
[EventCountry "ESP"]
[SourceTitle "EXT 2013"]
[Source "ChessBase"]
[SourceDate "2012.11.22"]
[SourceVersion "1"]
[SourceVersionDate "2012.11.22"]
[SourceQuality "1"]
[WhiteTeam "Caissa II"]
[BlackTeam "Marcos Frechin"]
[WhiteTeamCountry "ESP"]
[BlackTeamCountry "ESP"]

1. e4 c5 2. Nf3 d6 3. d4 cxd4 4. Nxd4 Nf6 5. Nc3 a6 6. a3 e5 7. Nb3 Be6 8. Bd3 Be7 9. 0-0 Nbd7 10. Kh1 Nc5 11. Nxc5 dxc5 12. f4 exf4 13. Bxf4 c4 14. Be2 Qxd1 15. Raxd1 0-0 16. Bd6 Bxd6 17. Rxd6 Rfd8 18. Rfd1 Rxd6 19. Rxd6 b5 20. Bf3 Bd7 21. h3 Ra7 22. e5 Ne8 23. Rb6 h6 24. Kg1 Kh7 25. Bd5 Bf5 26. Bb7 Nc7 27. Ne2 Be6 28. Nf4 Bd7 29. Be4+ g6 30. Kf2 Kg7 31. h4 Kf8 32. h5 g5 33. Ne2 Kg7 34. Nd4 a5 35. Kf3 Ne6 36. Nf5+ Kg8 37. Rb8+ Nf8 38. Nxh6+ Kg7 39. Nf5+ Bxf5 40. Bxf5 b4 41. axb4 c3 42. bxa5 cxb2 43. Rxb2 Rxa5 44. Ke4 Ra4+ 45. Kd5 Ra5+ 46. Kd4 f6 47. exf6+ Kxf6 48. g4 Ne6+ 49. Bxe6 Kxe6 50. c4 Kf6 51. Rb5 Ra1 52. Rf5+ Kg7 53. Rxg5+ Kh6 54. Rg6+ Kh7 55. Kd5 Ra5+ 56. c5 1-0

[Event "Aragon-chT Preferente-B"]
[Site "Spain"]
[Date "2011.03.05"]
[Round "5.4"]
[White "Ruiperez Gumiel, Ramon"]
[Black "Cervera Jimenez, Javier"]
[Result "1-0"]
[WhiteElo "1951"]
[BlackElo "1901"]
[PlyCount "51"]
[EventDate "2011.02.05"]
[EventType "team-tourn"]
[EventRounds "9"]
[EventCountry "ESP"]
[SourceTitle "EXT 2013"]
[Source "ChessBase"]
[SourceDate "2012.11.22"]
[SourceVersion "1"]
[SourceVersionDate "2012.11.22"]
[SourceQuality "1"]
[WhiteTeam "Marcos Frechin"]
[BlackTeam "Olivar III"]
[WhiteTeamCountry "ESP"]
[BlackTeamCountry "ESP"]

1. e4 Nf6 2. d3 g6 3. Nc3 d5 4. e5 Ng4 5. d4 c5 6. Be2 cxd4 7. Qxd4 Nc6 8. Bb5 Bg7 9. Bf4 0-0 10. Bxc6 bxc6 11. h3 Nh6 12. Qd2 d4 13. Nce2 Nf5 14. g4 Qd5 15. gxf5 Qxh1 16. 0-0-0 Qd5 17. Qxd4 Qxa2 18. f6 exf6 19. exf6 Bf5 20. Nc3 Qa1+ 21. Nb1 Bh8 22. Ne2 Qa5 23. Ng3 Rfd8 24. Bd6 c5 25. Nxf5 Rxd6 26. Nh6+ 1-0

[Event "Aragon-chT Preferente"]
[Site "Spain"]
[Date "2010.03.06"]
[Round "7.44"]
[White "Ruiperez Gumiel, Ramon"]
[Black "Juni Pardos, Marcos"]
[Result "1-0"]
[WhiteElo "1878"]
[BlackElo "1820"]
[PlyCount "55"]
[EventDate "2010.01.23"]
[EventType "team-swiss"]
[EventRounds "12"]
[EventCountry "ESP"]
[SourceTitle "EXT 2013"]
[Source "ChessBase"]
[SourceDate "2012.11.22"]
[SourceVersion "1"]
[SourceVersionDate "2012.11.22"]
[SourceQuality "1"]
[WhiteTeam "Marcos Frechin"]
[BlackTeam "Calatayud"]
[WhiteTeamCountry "ESP"]
[BlackTeamCountry "ESP"]

1. e4 d5 2. exd5 Qxd5 3. Nc3 Qa5 4. d4 Nf6 5. Nf3 Bg4 6. h3 Bxf3 7. Qxf3 c6 8. Bd3 e6 9. 0-0 Bd6 10. Bh6 0-0 11. Ne4 Be7 12. Bd2 Qb6 13. a3 Nbd7 14. c4 Qxd4 15. Bc3 Qb6 16. Rad1 Rfd8 17. b4 Qc7 18. Rfe1 Ne8 19. Qh5 g6 20. Qh6 Bf8 21. Qh4 Bg7 22. Bxg7 Kxg7 23. Ng5 Nef6 24. Rxe6 h6 25. Re7 hxg5 26. Qxg5 Re8 27. Qxg6+ Kh8 28. Rxf7 1-0